|
|
|
|
| LEADER |
00640nam a22001691a 4500 |
| 020 |
|
|
|a 9780415314459
|c 0.00
|
| 040 |
|
|
|a SSUS - Library - Kalady
|
| 082 |
|
|
|a 800
|b JUD/W
|
| 100 |
|
|
|a Judith Woolf
|
| 245 |
|
|
|a Writing about literature: Essay and translation skills for university students of English and Foreign Literature
|h [Text]
|
| 260 |
|
|
|a London
|b Routledge
|c 2005
|
| 300 |
|
|
|a 172p.
|
| 600 |
|
|
|a Literature
|
| 852 |
|
|
|h 800
|i JUD/W
|p 053168
|9 225.00
|t 0
|
| 942 |
|
|
|c BK
|
| 999 |
|
|
|c 51436
|d 51436
|
| 952 |
|
|
|0 0
|1 0
|4 0
|6 800_000000000000000_JUD_W
|7 0
|9 74831
|a SSUS
|b SSUS
|d 2015-01-08
|g 225.00
|l 1
|o 800 JUD/W
|p 053168
|r 2018-01-10
|s 2018-01-04
|v 0.00
|w 2015-01-08
|y BK
|